000
00191 a2200097 4500
020
_a
9780544430730
041
_a
spa
100
_a
Ellen Stoll Walsh
245
_a
Figuras y Ratones
942
_c
K
999
_c
28859
_d
28859